logo

Bir Sreshtho Munshi Abdur Rouf Library
Jhenaidah Cadet College

সেনাবাহিনীর অভ্যন্তরে আটাশ বছর / (Record no. 1328)

MARC details
000 -LEADER
fixed length control field 00810nam a2200241 a 4500
001 - CONTROL NUMBER
JCCL Control Number 1328
003 - CONTROL NUMBER IDENTIFIER
JCCL marc code BD-JhCC
005 - DATE AND TIME OF LATEST TRANSACTION
control field 20171022124602.0
008 - FIXED-LENGTH DATA ELEMENTS--GENERAL INFORMATION
fixed length control field 171018s1999 bg a|||| ||a| 000 0 ben d
020 ## - INTERNATIONAL STANDARD BOOK NUMBER
International Standard Book Number 9844101338
035 ## - SYSTEM CONTROL NUMBER
system control number (BD-JhCC)1328
040 ## - CATALOGING SOURCE
Original cataloging agency BD-JhCC
Modifying agency BD-JhCC
041 ## - LANGUAGE CODE
Language code of Book ben
082 ## - DEWEY DECIMAL CLASSIFICATION NUMBER
Classification number 355.033
Author mark and Year IBR 1999
100 ## - MAIN ENTRY--PERSONAL NAME
Personal name ইব্রাহিম, সৈয়দ মুহাম্মদ
245 ## - TITLE STATEMENT
Title সেনাবাহিনীর অভ্যন্তরে আটাশ বছর /
Statement of responsibility, etc সৈয়দ মুহাম্মদ ইব্রাহিম,
260 ## - PUBLICATION, DISTRIBUTION, ETC. (IMPRINT)
Place of publication, distribution, etc ঢাকা :
Name of publisher, distributor, etc মাওলা ব্রাদার্স,
Date of publication, distribution, etc 1999
300 ## - PHYSICAL DESCRIPTION
Pagination 115 p.;
Dimensions 24 cm.
650 ## - SUBJECT ADDED ENTRY--TOPICAL TERM
Topical term or geographic name as entry element Politics and Government
Geographic subdivision Bangladesh
650 ## - SUBJECT ADDED ENTRY--TOPICAL TERM
Topical term or geographic name as entry element Defence
942 ## - ADDED ENTRY ELEMENTS (KOHA)
Source of classification or shelving scheme Dewey Decimal Classification
Koha item type Books
Holdings
Source of classification or shelving scheme Damaged status Not for loan Home library Current library Shelving location Cost, normal purchase price Total Checkouts Full call number Barcode Date last seen Copy number Koha item type Date of accession Source of acquisition Method of acquisition Currency
Dewey Decimal Classification     JCC Rouf Library JCC Rouf Library General Stacks 100.00   355.033 IBR 1999 2210 10/18/2017 C-1 Books        
Dewey Decimal Classification     JCC Rouf Library JCC Rouf Library General Stacks 100.00   355.033 IBR 1999 17616 05/20/2023 C-2 Books 05/20/2023 Major General Md. Shafeenul Islam.ndc,psc Gift/Donation BDT

JCC Library | Contacts | JCC Home

Last Update on 23 September 2017
Copyright @ 2017-2020 JCC Rouf Library
Rouf Library, Jhenidah Cadet College (JCC), Bangladesh